000 00722aam a2200277 4500
005 20250806113025.0
008 150224b xxu||||| |||| 00| 0 eng d
020 _a9977237492
041 _aESP
082 _aCR 861.44 A696c
100 _aArias Uva, Minor
_911922
245 _aCanción de lunas para un duende
260 _aCosta Rica
260 _bEditorial Costa Rica
260 _c2005
300 _a75 páginas
300 _bIlustraciones a color
490 _aTEMÁTICA GENERAL
650 _aTEMÁTICA GENERAL
650 _aPOESÍA INFANTIL
650 _aPOESÍA COSTARRICENSE
650 _aLITERATURA INFANTIL
650 _aLITERATURA COSTARRICENSE
650 _aCOSTA RICA
942 _cLIT
_2ddc
999 _c3366
_d3366